أثر تكامل سلاسل الإمداد على أداء المنشآت الصناعية : (رقم التسجيلة. 179804)
[ عرض عادي ]
| 000 -LEADER | |
|---|---|
| fixed length control field | 04979namaa22004211i 4500 |
| 003 - CONTROL NUMBER IDENTIFIER | |
| control field | OSt |
| 005 - أخر تعامل مع التسجيلة | |
| control field | 20260429115558.0 |
| 008 - FIXED-LENGTH DATA ELEMENTS--GENERAL INFORMATION | |
| fixed length control field | 250827s2025 ua a|||frm||| 000 0 eng d |
| 040 ## - CATALOGING SOURCE | |
| Original cataloguing agency | EG-GICUC |
| Language of cataloging | ara |
| Transcribing agency | EG-GICUC |
| Modifying agency | EG-GICUC |
| Description conventions | rda |
| 041 0# - LANGUAGE CODE | |
| Language code of text/sound track or separate title | ara |
| Language code of summary or abstract | ara |
| -- | eng |
| 049 ## - Acquisition Source | |
| Acquisition Source | إيداع |
| 082 04 - DEWEY DECIMAL CLASSIFICATION NUMBER | |
| Classification number | 658.5 |
| 092 ## - LOCALLY ASSIGNED DEWEY CALL NUMBER (OCLC) | |
| Classification number | 658.5 |
| Edition number | 21 |
| 097 ## - Degree | |
| Degree | دكتـــــوراه |
| 099 ## - LOCAL FREE-TEXT CALL NUMBER (OCLC) | |
| Local Call Number | Cai01.18.06.Ph.D.2025.عب.أ |
| 100 0# - MAIN ENTRY--PERSONAL NAME | |
| Authority record control number or standard number | ،عبدالرحمن أحمد عارف الغامدي |
| Preparation | إعداد. |
| 245 10 - TITLE STATEMENT | |
| Title | أثر تكامل سلاسل الإمداد على أداء المنشآت الصناعية : |
| Remainder of title | دراسة تطبيقية على منطقة الخمرة اللوجستية بالمملكة العربية السعودية / |
| Statement of responsibility, etc. | إعداد عبدالرحمن أحمد عارف الغامدي؛ إشراف أ.د على وجدى محمد، د. هيثم على خليل. |
| 246 15 - VARYING FORM OF TITLE | |
| Title proper/short title | The impact of supply chain integration on the performance of industrial establishments : |
| Remainder of title | An applied study on the al-khamra logistics zone in the kingdom of saudi arabia / |
| 264 #0 - PRODUCTION, PUBLICATION, DISTRIBUTION, MANUFACTURE, AND COPYRIGHT NOTICE | |
| Date of production, publication, distribution, manufacture, or copyright notice | 2025. |
| 300 ## - PHYSICAL DESCRIPTION | |
| Extent | 73 ورقة : |
| Other physical details | إيضاحيات ؛ |
| Dimensions | 30 سم. + |
| Accompanying material | CD. |
| 336 ## - CONTENT TYPE | |
| Content type term | text |
| Source | rda content |
| 337 ## - MEDIA TYPE | |
| Media type term | Unmediated |
| Source | rdamedia |
| 338 ## - CARRIER TYPE | |
| Carrier type term | volume |
| Source | rdacarrier |
| 502 ## - DISSERTATION NOTE | |
| Dissertation note | أطروحة (دكتوراه)-جامعة القاهرة، 2025. |
| 504 ## - BIBLIOGRAPHY, ETC. NOTE | |
| Bibliography, etc. note | ببليوجرافيا: صفحات 65-67. |
| 520 ## - SUMMARY, ETC. | |
| Summary, etc. | هدفت هذه الدراسة إلى تحليل أثر تكامل سلاسل الإمداد ( الداخلى ، الخارجى ، الأستراتيجى ) على الداء التشغيلى للمنشأت الصناعية فى منطقة الخمرة بالمملكة العربية السعودية ، وتكمن أهمية الدراسة في سد فجوة بحثية حول تطبيق تكامل سلاسل فى القطاع الصناعي السعودى ، خاصة فى ظل ندرة الدراسات التى تربط بين التكامل الأستراتيجى والأداء التشغيلى وتتكون مجتمع الدراسة من جميع المدراء في الإدارات العليا الذين يشكلون الفريق الذي يتعامل مع سلاسل الإمداد في المنشآت الصناعية السعودية، ومن أجل تحقيق هدف الدراسة قام الباحث إعتمدت الدراسة على المنهج الوصفي التحليلي حيث تم جمع البيانات عبر إستبانة إليكترونية (نمازج جوجل ) من عينة عشوائية طبقية قوامها (195)، إذ تم توزيعها على عموم الموظفين والمسئولين عن سلاسل الإمداد فى المنشاءى الصناعية بالخمرة. |
| 520 ## - SUMMARY, ETC. | |
| Summary, etc. | This study aimed to analyze the impact of supply chain integration (internal, external, and strategic) on the operational performance of industrial facilities in the Al-Khumrah region of the Kingdom of Saudi Arabia. The importance of the study lies in bridging a research gap regarding the application of supply chain integration in the Saudi industrial sector, particularly in light of the scarcity of studies linking strategic integration to operational performance. The study population consists of all managers in senior management who comprise the team that handles supply chains in Saudi industrial facilities. To achieve the study's objective, the researcher relied on the descriptive analytical approach, where data was collected via an electronic questionnaire (Google Forms) from a stratified random sample of (195). The questionnaire was distributed to all employees and those responsible for supply chains in industrial facilities in Al-Khumrah. The results revealed a statistically significant relationship between the independent variable, supply chain integration, and enterprise performance at a 95% confidence level. The correlation value reached 0.655, a strong positive correlation. The results also revealed a statistically significant effect between internal integration and enterprise performance, indicating that the relationship between supply chain integration and enterprise performance is close and interconnected. |
| 530 ## - ADDITIONAL PHYSICAL FORM AVAILABLE NOTE | |
| Issues CD | صدر أيضًا كقرص مدمج. |
| 546 ## - LANGUAGE NOTE | |
| Text Language | النص بالعربية والملخص باللغة الإنجليزية والعربية. |
| 650 #7 - SUBJECT ADDED ENTRY--TOPICAL TERM | |
| Topical term or geographic name entry element | إدارة الانتاج |
| Source of heading or term | qrmak |
| 653 #0 - INDEX TERM--UNCONTROLLED | |
| Uncontrolled term | سلاسل الإمداد |
| -- | التكامل الداخلي |
| -- | التكامل الاستراتيجي |
| 700 0# - ADDED ENTRY--PERSONAL NAME | |
| Personal name | علي وجدى محمد |
| Relator term | مشرف أطروحة. |
| 700 0# - ADDED ENTRY--PERSONAL NAME | |
| Personal name | هيثم خليل |
| Relator term | مشرف أطروحة. |
| 900 ## - Thesis Information | |
| Grant date | 03-05-2025 |
| Supervisory body | علي وجدى محمد |
| -- | هيثم خليل |
| Universities | جامعة القاهرة |
| Faculties | كلية الدراسات العليا للبحوث الإحصائية |
| Department | قسم إدارة سلسلة الإمداد وإدارة العمليات |
| 905 ## - Cataloger and Reviser Names | |
| Cataloger Name | Sara Salah |
| 942 ## - ADDED ENTRY ELEMENTS (KOHA) | |
| Source of classification or shelving scheme | Dewey Decimal Classification |
| Koha item type | Thesis |
| Edition | 21 |
| Suppress in OPAC | No |
| Source of classification or shelving scheme | Home library | Current library | Date acquired | Inventory number | Full call number | Barcode | Date last seen | Effective from | Koha item type |
|---|---|---|---|---|---|---|---|---|---|
| Dewey Decimal Classification | المكتبة المركزبة الجديدة - جامعة القاهرة | قاعة الرسائل الجامعية - الدور الاول | 29.04.2026 | 33156 | Cai01.18.06.Ph.D.2025.عب.أ | 01010100033156000 | 29.04.2026 | 29.04.2026 | Thesis |